| 000 | 00372 a2200121 4500 | ||
|---|---|---|---|
| 001 | ART_11559 | ||
| 005 | 20260410161858.0 | ||
| 008 | 260409a | ||
| 245 | 1 | 0 | _aDoes fiscal policy matter?. A correction |
| 100 | 1 | _aBlinder, Alan S. | |
| 700 | 1 | _aSolow, Robert M. | |
| 773 | 0 |
_tJournal of public economics _g- Vol. 5, NÂș 1/2 (ene./feb. 1976) _wREV11485 |
|
| 999 |
_c25640 _d25640 |
||